| 000 | 00886cam a2200193 a 4500 | ||
|---|---|---|---|
| 999 |
_c2595 _d2595 |
||
| 020 | _a047158343X (cloth : alk. paper) | ||
| 022 | _a9780471583431 | ||
| 050 | 0 | 0 |
_aHG3751 _b.B383 |
| 100 | 1 | _aBasu, Sam N., | |
| 245 | 1 | 0 |
_aStrategic credit management / _cSam N. Basu and Harold L. Rolfes, Jr. |
| 260 |
_aNew York : _bJ. Wiley, _cc1995. |
||
| 300 |
_axii, 235 p. : _bill. ; _c24 cm. |
||
| 500 | _aincludes index | ||
| 505 | _aThe Strategic Environment for Banking. The Credit Management Process. Credit Management Supervision. Credit Analysis. Risk and Return in Banking. Loan Workout. The Legal Environment of Lending. Credit Training. Social Environment for Banking. Deregulation and the Credit Management Process. Strategic Management of the Credit Process in the 90s. Index. | ||
| 650 | 0 |
_aCredit _xManagement. |
|
| 650 | 0 | _aBank loans. | |
| 700 | 1 | _aRolfes, Harold L. | |
| 942 | _cBK | ||